书目信息 |
| 题名: |
唐太宗与"贞观之治"
|
|
| 作者: | 汪籛 著 | |
| 分册: | ||
| 出版信息: | 北京 求实出版社 1981 |
|
| 页数: | 94页 | |
| 开本: | 21cm | |
| 丛书名: | ||
| 单 册: | ||
| 中图分类: | K242.105 | |
| 科图分类: | ||
| 主题词: | 贞观之治--研究 | |
| 电子资源: | ||
| ISBN: | ||
| 000 | 00583nam0 2200217 450 | |
| 001 | 1574704329 | |
| 005 | 20150118204530.59 | |
| 010 | @dCNY0.30 | |
| 091 | @a11231.20 | |
| 100 | @a19950127d1981 em y0chiy50 ea | |
| 101 | 0 | @achi |
| 102 | @aCN@b110000 | |
| 105 | @ay z 000yb | |
| 200 | 1 | @a唐太宗与"贞观之治"@9tang tai zong yu zhen guan zhi zhi@f汪篯著 |
| 210 | @a北京@c求实出版社@d1981 | |
| 215 | @a94页@d21cm | |
| 606 | 0 | @a贞观之治@x研究 |
| 690 | @aK242.105@v5 | |
| 701 | 0 | @a汪籛@9wang jian@f(1916~1966)@4著 |
| 801 | 0 | @aCN@bTSSF@c20150118 |
| 905 | @aZUCC@dK242.105@eJY31 | |
| 唐太宗与"贞观之治"/汪篯著.-北京:求实出版社,1981 |
| 94页;21cm |
| ISBN :CNY0.30 |
| ● |
| 相关链接 |
|
|
|
|
正题名:唐太宗与"贞观之治"
索取号:K242.105/JY31
 
预约/预借
| 序号 | 登录号 | 条形码 | 馆藏地/架位号 | 状态 | 备注 |
| 1 | 7847560 | 278475605 | 学院路分馆/ [索取号:K242.105/JY31] | 在馆 | |
| 2 | 7847561 | 278475614 | 学院路分馆/ [索取号:K242.105/JY31] | 在馆 |